000 01685nam2a22002411 4500
001 rc\507361
005 20250621165746.0
035 _a(NLR Aleph) 005817591
090 _a5446229
_c5446229
100 _a20030616d1988 |||y0rusy50 ca
101 0 _arus
102 _aRU
105 _ay |||||||||
200 1 _aАзербайджанская ССР
_f...Азерб. респ. упр. по гидрометеорологии
_hВып. 26х
_iБассейны рек на территории Азербайджанской ССР и Дагестанской АССР. Ч. 1: Реки [и каналы]. Ч. 2: Озера и водохранилища
210 _aБаку
_cАзербУГМ
_d1988
215 _a140 с.
333 _aДСП. Экз. № 26
461 0 _1001rc\507333
_12001#$aГосударственный водный кадастр$eРазд. 1. Поверхност. воды: Сер. 2. Ежегод. данные$eЕжегод. данные о качестве поверхност. вод суши, 1987 г.$fГос. ком. СССР по гидрометеорологии и контролю природ. среды...$vТ. 7 (1), 1 (1)
_95445948
_cЛ.
_d1988
_fГос. ком. СССР по гидрометеорологии и контролю природ. среды...
_nБ. и.
_oРазд. 1. Поверхност. воды: Сер. 2. Ежегод. данные : Ежегод. данные о качестве поверхност. вод суши, 1987 г.
_tГосударственный водный кадастр
_vТ. 7 (1), 1 (1)
801 0 _aRU
_bNLR
_gpsbo
801 1 _aRU
_bELAR
_2rusmarc
852 _aNLR
_j88-50К/8120
942 _cBOOK
980 _aNB